000 00333nam a2200145Ia 4500
005 20251222140031.0
008 251222s1900||||xx |||||||||||||| ||spa||
020 _a9972816893
082 _a220.6/M93
100 _aMüller, Gerhard Ludwig
245 0 _aDel Lado de los Pobres:
250 _a1ra. ed.
264 _bCEP
942 _cLIB
999 _c2965
_d2965